000 00817nam a22002657a 4500
001 24495
003 UA-OsUOA
005 20220206123906.0
007 ta
008 20040219b un ||||| |||| 00| 0 ukr d
020 _a985-6102-27-8
040 _aUA-OsUOA
_brus
_cUA-OsUOA
_dUA-OsUOA
041 _arus
044 _aRU
080 _a330(091)
090 _a330(091)
_bЭ40
100 _aПолетаева Н. И.
245 _aЭкономическая история зарубежных стран
_bкурс лекций
_cН. И. Полетаева ; ред. В.И. Голубович
260 _aМинск
_bЭкоперспектива
_c1998
300 _a462 с.
650 7 _2UDC
942 _cBK
_2udc
955 _a0
999 _c310770
_d310770